Решение задач структурной геологии с микрокалькулятором: учебное пособие

Bibliografiske detaljer
Hovedforfatter: Дмитриева Б. И.
Institution som forfatter: Московский государственный университет им. М. В. Ломоносова (МГУ)
Andre forfattere: Николаев П. Н. (редактор), Короновский Н. В.
Summary:Исключено из фонда НТБ ТПУ
Sprog:russisk
Udgivet: Москва, Изд-во МГУ, 1989
Format: MixedMaterials Bog
KOHA link:https://koha.lib.tpu.ru/cgi-bin/koha/opac-detail.pl?biblionumber=192630

MARC

LEADER 00000nam0a2200000 4500
001 192630
005 20231031181429.0
010 |a 5211014278 
020 |a RU  |b 90-54625 
035 |a (RuTPU)RU\TPU\book\210049 
090 |a 192630 
100 |a 20110304d1989 m a0rusy5003 ca 
101 0 |a rus 
102 |a RU 
105 |a a j 001zy 
200 1 |a Решение задач структурной геологии с микрокалькулятором  |e учебное пособие  |f Б. И. Дмитриева, П. Н. Николаев  |g Московский государственный университет им. М. В. Ломоносова (МГУ) ; под ред. Н. В. Короновского 
210 |a Москва  |c Изд-во МГУ  |d 1989 
215 |a 80 с.  |c ил. 
333 |a Исключено из фонда НТБ ТПУ 
700 1 |a Дмитриева  |b Б. И. 
701 1 |a Николаев  |b П. Н. 
702 1 |a Короновский  |b Н. В.  |4 340 
712 0 2 |a Московский государственный университет им. М. В. Ломоносова (МГУ) 
801 0 |a RU  |b RuMRKP  |c 19950417  |g psbo 
801 1 |a RU  |b 63413507  |c 20110304 
801 2 |a RU  |b 63413507  |c 20220407  |g RCR 
942 |c BK